000 01017nam a2200229Ia 4500
001 16740
003 GE_BSU
008 181216s||||||||xx |||||||||||||| ||und||
040 _cGE_BSU
080 _a94(479.223)+929(479.223)
100 _aზოიძე, ვახტანგ
245 _aმამულის ძახილი
245 _bპუბლიცისტური წერილები აჭარის სახელოვანი შვილების ცხოვრების და ღვაწლის შესახებ
260 _aბათუმი
260 _bალიონი
260 _c1995
300 _a206გვ.ილ.20სმ.
541 _h3ლ.
653 _aმამულის ძახილი
653 _aპუბლიცისტური წერილები აჭარის სახელოვანი შვილების ცხოვრების და ღვაწლის შესახებ
942 _cBK
999 _c49805
_d49805